Vista normal Vista MARC

Entrada Corporate Name

Número de registros utilizados en: 1

001 - CONTROL NUMBER

  • control field: 44122

003 - CONTROL NUMBER IDENTIFIER

  • control field: OSt

005 - DATE AND TIME OF LATEST TRANSACTION

  • control field: 20250421123414.0

008 - FIXED-LENGTH DATA ELEMENTS

  • fixed length control field: 250421|| aca||aabn | a|a d

040 ## - CATALOGING SOURCE

  • Original cataloging agency: OSt
  • Transcribing agency: OSt

110 ## - HEADING--CORPORATE NAME

  • Corporate name or jurisdiction name as entry element: China

670 ## - SOURCE DATA FOUND

  • Source citation: Work cat.: (OSt)30971: China, China Colombia :, 2020.